| 000 | 00740nac a22001691u 4500 | ||
|---|---|---|---|
| 020 | _a0070589356 | ||
| 082 |
_a621.31 _bN243 |
||
| 090 |
_c126 _d126 |
||
| 100 | _aNasar, Syed A. | ||
| 245 | _aSchaum’s outline of theory and problems of electric power systems | ||
| 260 |
_aNew Delhi _bTata McGraw-Hill _c2004 |
||
| 440 | _aSchaum’s outline series | ||
| 650 | _aElectric power systems | ||
| 942 |
_cBB _k621.31N243 |
||
| 999 |
_c126 _d126 |
||